000 00274nam a22001097a 4500
008 160505b xxu||||| |||| 00| 0 eng d
020 _a0061412635
041 _aeng
080 _a611
245 1 0 _aTextbook of anatomy:
_cW. Henry Hollinshead; Cornelius Rosse;
942 _2udc
_cBK
999 _c1802
_d1802